Geography Number Ones #1 - Statistics

General Stats
  • This quiz has been taken 78 times
  • The average score is 14 of 20
Answer Stats
Category Answer % Correct
Largest Country (Size) Russia
100%
Largest Country (Population) China
98%
Largest Ocean Pacific
97%
Longest River Nile
95%
River Holding Most Water Amazon
94%
Largest U.S. State (Size) Alaska
90%
Largest City (Population) Tokyo
90%
Largest U.S. State (Population) California
83%
Largest Australian State (Population) New South Wales
83%
Largest Canadian Province (Population) Ontario
79%
Largest Australian State (Size) Western Australia
71%
Largest Metro Area (Population) Guangzhou
70%
Largest Lake Caspian Sea
68%
Largest Canadian Province (Size) Quebec
67%
Largest Desert Antarctic
62%
Largest Mexican State (Population) State of Mexico
60%
Largest Brazilian State (Population) Sao Paulo
49%
Largest Mexican State (Size) Chihuahua
43%
Largest Brazilian State (Size) Amazonas
30%
Largest City (Size) Chongqing
10%
No matching quizzes found
Score Distribution
Percent of People with Each Score
Percentile by Number Answered
Your Score History
You have not taken this quiz